000 00420nam a22001577a 4500
020 _a9781119029465
082 _a621.3 WER
100 _aDouglas H. Werner
245 _aElectromagnetics of body area networks: antennas, propagation, and RF systems
260 _aCanada
_bWiley
_c2016
300 _a512p.
650 _aBody area network
650 _aElectromagnetism
650 _aElectromagnetic theory
942 _cBK
999 _c13771
_d13771